Philosophical and sociological foundations of education (Record no. 2249)

MARC details
000 -LEADER
fixed length control field 00567cam a2200205ua 4500
008 - FIXED-LENGTH DATA ELEMENTS--GENERAL INFORMATION
fixed length control field 110812n ii |||gr||||Z||||||eng
020 ## - INTERNATIONAL STANDARD BOOK NUMBER
International Standard Book Number 81-7457-000-4
040 ## - CATALOGING SOURCE
Transcribing agency MAIN
082 ## - DEWEY DECIMAL CLASSIFICATION NUMBER
Classification number 370.1
100 1# - MAIN ENTRY--PERSONAL NAME
Personal name Chaube, S. P.,
245 1# - TITLE STATEMENT
Title Philosophical and sociological foundations of education
Statement of responsibility, etc. by S P. Chaube
250 ## - EDITION STATEMENT
Edition statement 5th.
260 ## - PUBLICATION, DISTRIBUTION, ETC.
Place of publication, distribution, etc. Agra:
Name of publisher, distributor, etc. Vinod pustak mandir,997.
300 ## - PHYSICAL DESCRIPTION
Extent xiv; 489p:
Dimensions 23cm.
700 ## - ADDED ENTRY--PERSONAL NAME
Personal name Chaube, Akhilesh,
942 ## - ADDED ENTRY ELEMENTS (KOHA)
Koha item type Books
653 ## - INDEX TERM--UNCONTROLLED
Uncontrolled term Education
653 ## - INDEX TERM--UNCONTROLLED
Uncontrolled term Philosophical and sociological foundations of education
Holdings
Withdrawn status Lost status Damaged status Not for loan Home library Current library Shelving location Date acquired Total Checkouts Full call number Barcode Date last seen Copy number Price effective from Koha item type
        Naharkatiya College Central Library Naharkatiya College Central Library General Stacks 19/09/2020   370.1 | CHA 11457 19/09/2020 1 19/09/2020 Books

Naharkatiya College © 2020. All rights reserved.

Powered By